Lobing bude legitímny nástroj

Pripravovaný zákon o lobingu v medzirezortnom pripomienkovom konaní - marec 2005. Ak bude schválený, stane sa SR prvou krajinou EÚ, ktorá bude mať komplexnú lobingovú legislatívu. Kedy je lobing dovolený. Priemysel public relations víta zákon.

Gespeichert in:
Bibliographische Detailangaben
1. Verfasser: Fiťmová, Miriam
Format: Buchkapitel
Sprache:Slowakisch
Schlagworte:
Tags: Tag hinzufügen
Keine Tags, Fügen Sie das erste Tag hinzu!

MARC

LEADER 00000naa$a2200000$$$4500
001 0028389
005 20231107123255.6
041 0 |a slo 
044 |a SK 
245 1 0 |a Lobing bude legitímny nástroj  |c Miriam Fiťmová 
520 |a Pripravovaný zákon o lobingu v medzirezortnom pripomienkovom konaní - marec 2005. Ak bude schválený, stane sa SR prvou krajinou EÚ, ktorá bude mať komplexnú lobingovú legislatívu. Kedy je lobing dovolený. Priemysel public relations víta zákon. 
610 2 0 |a lobizmus 
610 2 0 |a legislatíva 
610 2 0 |a Slovensko 
610 2 0 |a práca s verejnosťou 
100 1 |a Fiťmová, Miriam